| Tag |
First Indicator |
Second Indicator |
Subfields |
| LEADER |
00000cam a2200000 a 4500 |
| 001 |
in00005766021 |
| 005 |
20260327164032.3 |
| 006 |
m o d |
| 007 |
cr un|---aucuu |
| 008 |
200118s2020 enk o 001 0 eng d |
| 040 |
|
|
|a EBLCP
|b eng
|e pn
|c EBLCP
|d OPELS
|d OCLCF
|d UKMGB
|d UKAHL
|d OCLCQ
|d YDX
|d STF
|d ESU
|d N$T
|d OCLCQ
|d K6U
|d SFB
|d OCLCQ
|d OCLCO
|d OCLCQ
|d OCLCL
|
| 015 |
|
|
|a GBB9K4488
|2 bnb
|
| 016 |
7 |
|
|a 019654587
|2 Uk
|
| 019 |
|
|
|a 1136532795
|a 1157268672
|
| 020 |
|
|
|a 9780128190609
|q (electronic bk.)
|
| 020 |
|
|
|a 0128190604
|q (electronic bk.)
|
| 020 |
|
|
|z 9780128190593
|q (print)
|
| 020 |
|
|
|z 0128190590
|
| 035 |
|
|
|a (OCoLC)1136962703
|z (OCoLC)1136532795
|z (OCoLC)1157268672
|
| 037 |
|
|
|a 9780128190609
|b Ingram Content Group
|
| 050 |
|
4 |
|a RC270.8
|
| 082 |
0 |
4 |
|a 616.99/406
|2 23
|
| 049 |
|
|
|a TXAM
|
| 100 |
1 |
|
|a Koltai, Tomas.
|
| 245 |
1 |
3 |
|a An innovative approach to understanding and treating cancer :
|b targeting pH - from etiopathogenesis to new therapeutic avenues /
|c Tomas Koltai, Stephan J. Reshkin, Salvador Harguindey.
|
| 260 |
|
|
|a London :
|b Academic Press,
|c 2020.
|
| 300 |
|
|
|a 1 online resource (576 pages)
|
| 336 |
|
|
|a text
|b txt
|2 rdacontent
|
| 337 |
|
|
|a computer
|b c
|2 rdamedia
|
| 338 |
|
|
|a online resource
|b cr
|2 rdacarrier
|
| 588 |
0 |
|
|a Print version record.
|
| 505 |
0 |
|
|a Intro -- An Innovative Approach to Understanding and Treating Cancer: Targeting pH: From Etiopathogenesis to New Therapeutic Avenues -- Copyright -- Contents -- Contributors -- Preface -- Part I: Metabolism and pH physiopathology of cancer -- Chapter 1: Introduction -- Introductory words -- The basics -- The importance of pH in cancer -- The evolving concept of pH in cancer -- First phase -- Second phase -- Third phase -- Fourth phase -- Clinical implications -- The objectives of this book -- References -- Chapter 2: Cancer metabolism -- Introduction -- The Warburg effect
|
| 505 |
8 |
|
|a The glycolytic phenotype -- Targeting glycolytic enzymes in cancer -- The lactate shuttle122 -- The pentose phosphate pathway -- The lipogenic phenotype -- Fatty acid synthase -- The metabolism of invadopodia -- Glutaminolytic phenotype -- Serine phenotype -- The acid-base balance in malignant tumors -- The ROS problem -- The pH paradigm and metabolic changes in cancer -- Multitargeted attack on tumor metabolism -- Conclusions -- References -- Chapter 3: The pH-centered paradigm in cancer -- Part I: The pH paradigm in cancer. Introduction
|
| 505 |
8 |
|
|a Common view points or perceptions of cancer origin and progression -- The pH paradigm in cancer: Extracellular acidity, intracellular alkalinity and the pH gradient -- Effects of pH gradient inversion in cancer -- Intracellular alkalinity -- Extracellular acidity -- The pH gradient inversion -- The hypoxia-pH gradient inversion relationship -- Can hypoxia act as a carcinogenic agent by itself independently of genetic instability? -- Hypoxia and pH gradient inversion -- Clinical impact of the pH centered paradigm in cancer therapeutics
|
| 505 |
8 |
|
|a Some examples of how increasing pHe improves therapeutic results -- Conclusions Part I -- Part II: Why and how does the pH-centered paradigm develop in cancer? -- The role of hypoxia in cancer metabolism and growth -- Metabolic switch and pH abnormalities -- Mechanisms that create an acidic extracellular matrix and an alkaline intracellular milieu -- New therapeutic directions derived from the pH-centered paradigm -- Why is pHe so acid and pHi alkaline in cancer cells? -- Tumor heterogeneity and the lactate shuttle in cancer -- Cell death and pH
|
| 505 |
8 |
|
|a Clinical implications of the acid-base regulation in cancer -- Glioblastoma as an ideal test of concept -- pH evolution in cancer: Its relation with cellular metabolism -- Conclusions Part 2 -- References -- Chapter 4: Lactic acid and its transport system -- Introduction -- Pro-tumoral activities of lactic acid -- Lactate contributes to extracellular space (ECS) acidity -- Lactate is a source of energy for OXPHOS cells: The lactate shuttle -- Lactate shuttle and pH -- Clinical implications of the lactate shuttle -- Lactate enhances tumor cell motility and migration
|
| 500 |
|
|
|a Lactate is a signaling molecule
|
| 500 |
|
|
|a Includes index.
|
| 650 |
|
0 |
|a Cancer
|x Treatment
|x Technological innovations.
|
| 650 |
1 |
2 |
|a Neoplasms
|x therapy
|
| 650 |
|
7 |
|a Cancer
|x Treatment
|x Technological innovations
|2 fast
|
| 655 |
|
7 |
|a Electronic books.
|2 local
|
| 700 |
1 |
|
|a Reshkin, Stephan J.
|
| 700 |
1 |
|
|a Harguindey, Salvador.
|
| 710 |
2 |
|
|a ScienceDirect (Online service)
|
| 776 |
0 |
8 |
|i Print version:
|a Koltai, Tomas.
|t An Innovative Approach to Understanding and Treating Cancer : Targeting pH - From Etiopathogenesis to New Therapeutic Avenues.
|d San Diego : Elsevier Science & Technology, ©2020
|z 9780128190593
|
| 856 |
4 |
0 |
|u http://proxy.library.tamu.edu/login?url=https://www.sciencedirect.com/science/book/9780128190593
|z Connect to the full text of this electronic book
|t 0
|
| 955 |
|
|
|a Elsevier ScienceDirect 2026-2027
|
| 994 |
|
|
|a 92
|b TXA
|
| 999 |
f |
f |
|i bbfdb82a-d56a-402c-90d2-1bdd4d3afae8
|s b3015891-d890-4bf5-b250-b73498efaf24
|t 0
|
| 952 |
f |
f |
|a Texas A&M University
|b College Station
|c Electronic Resources
|s www_evans
|d Available Online
|t 0
|e RC270.8
|h Library of Congress classification
|
| 998 |
f |
f |
|a RC270.8
|t 0
|l Available Online
|